Análisis de protocolos: posibilidad metodológica para el estudio de procesos cognitivos

Sparad:
Bibliografiska uppgifter
Huvudupphovsman: Maldonado Granados, Luis Facundo (autor)
Materialtyp: Bok
Språk:spanska
Publicerad: Bogotá Universidad Pedagógica Nacional 2001
Ämnen:
Taggar: Lägg till en tagg
Inga taggar, Lägg till första taggen!

MARC

LEADER 00000nam a2200000 a 4500
001 UCM2713
003 CL-VaPUC
008 020613e20010000CK |||||||||||||||||spa|d
082 0 4 |a 153.93  |b MAL  |2 21 
100 |a Maldonado Granados, Luis Facundo  |e autor  |9 473446 
245 1 0 |a Análisis de protocolos: posibilidad metodológica para el estudio de procesos cognitivos 
300 |a 42 p 
942 |c BK 
945 |d 20020613 00:00:00  |a cmena 
260 |a Bogotá  |b Universidad Pedagógica Nacional  |c 2001 
650 0 |a Desarrollo cognitivo  |9 311398 
650 7 |a TESTS DE INTELIGENCIA  |2 CL-VaPUC  |9 309468 
650 0 |a Métodos de investigación   |9 262618 
650 0 |a Psicología del desarrollo  |9 307541 
583 |a last modification  |c 20020613 00:00:00  |k Rodrigo Vera 
999 |c 300435  |d 300433 
952 |0 0  |1 0  |4 0  |6 153_930000000000000_MAL_2001  |7 0  |8 A  |9 358215  |a BIBEDU  |b BIBEDU  |d 2019-11-21  |i 3812529  |o 153.93 MAL 2001  |p 3812529  |r 2019-11-21  |w 2019-11-21  |y BK  |k EDU